000 00557cam a2200217 4500
001 J62975
008 000000n2000 000 0 eng u
035 _a(Sirsi) u109699
041 _aeng
050 _a333.33709421
110 _aFPDSavills
_93625
245 _aCentral London office review and outlook. Summer 2000
260 _aLondon
_bFPDSavills
_c2000
300 _a7p. ; 30cm.
650 _aOFFICE PROPERTY
650 _aPROPERTY MARKET
650 _aOFFICES
650 _aLONDON
690 _aPROPERTY-COMMERCIAL PROPERTY
942 _n0
999 _c100975
_d100975